| 000 | 00000nas 2200000za 4500 |
| 001 | 9.504227 |
| 003 | CaOODSP |
| 005 | 20221107133355 |
| 007 | cr ||||||||||| |
| 008 | 150406c20049999oncuu m ou f0 b0fre|d |
| 040 | |aCaOODSP|bfre |
| 043 | |an-cn--- |
| 086 | 1 |aP29-1F-PDF |
| 086 | 1 |aP29-1-PDF |
| 110 | 2 |aOffice des normes générales du Canada. |
| 245 | 10|aNorme nationale du Canada |h[ressource électronique]. |
| 246 | 13|aNational standard of Canada |
| 260 | |aOttawa : |bOffice des normes générales du Canada. |
| 310 | |aIrrégulier |
| 500 | |aApprouvée par le Conseil canadien des normes. |
| 520 | 3 |aÉtablissent des normes sur des sujets varies. Approuvées par le Conseil canadien des normes – organisme de coordination du Système national de normes –, elles sont élaborées par des comités formés de représentants des intérêts visés – fabricants et producteurs, consommateurs et autres utilisateurs, marchands de détail, administrations publiques, établissements d’enseignement, sociétés techniques, professionnelles et commerciales, et organismes de mise à l’essai. Les normes portent sur des détails tels que les composants, la préparation pour la livraison, l’essai et le marquage. |
| 546 | |aCertaines livr. comportent des textes en français et en anglais sur 2 col.; certaines livr. comportent du texte en français ou en anglais seulement. |
| 692 | 07|2gccst|aNorme |
| 775 | 08|tNational standard of Canada |w(CaOODSP)9.507848 |
| 776 | 0#|tNorme nationale du Canada / |w(CaOODSP)9.509559 |
| 776 | 0#|tNorme nationale du Canada / |w(CaOODSP)9.513188 |